000 00853cam a22001814a 4500
005 20250605164000.0
008 250528s ||||||||||||||||||||||||d
035 _a15612
040 _aGR-AtMCL
_bgre
_dGR-AtMCL
_eAACR2
245 1 _aUnix Turbo Microsoft C / & Από την Pascal στη C
260 _bΠαπασωτηρίου,
_c1989
300 _a248
520 _aΠρόλογος, Εισαγωγή, Γενική Δομή, Δηλώσεις, Πράξεις, Εκφράσεις, Εντολές Ελέγχου, Δείκτες, Συναρτήσεις, Βιβλιοθήκες, Αρχεία, Επικοινωνία με το Περιβάλλον, C και UNIX, C και MS-DOS, Από τη PASCAL στην C, Βιβλιογραφία, Ευρετήριο.
700 1 _aΛιβαδάς Κ
_9853
942 _cBK
999 _c1182
_d1182